000 01235 a2200217 4500
003 Nust
005 20170207154032.0
010 _a 2002014162
020 _a081440586X
040 _cNust
082 0 0 _a658.4
100 1 _aKaen, Fred R.
245 1 2 _aA blueprint for corporate governance (E-BOOK)
_bstrategy, accountability, and the preservation of shareholder value /
_cFred R. Kaen.
260 _aNew York :
_bAMACOM,
_cc2003.
300 _ax, 227 p. :
_bill. ;
_c24 cm.
505 0 _aCorporate Governance An Overview (Page-1)The Governance Structure of American Corporations (Page-17) Markets: Can You Trust Them? (Page-33) Valuation (Page-57) Corporate Governance Issues in Investment Decisions (Page-73) Corporate Governance Issues and the Financing Decision (Page-89) Corporate Governance Dividend disuses (Page-105) Corporate Governance and Managerial Compensation (Page-117) The Corporate Control Market (Page-149) The Board of Directors and Shareholders Rights (Page-169) Alternative Governance Systems: Germany and Japan (Page-187)
650 0 _aCorporate governance
_zUnited States.
650 0 _aCorporate governance.
651 _aE-BOOK
856 4 1 _3Table of contents
_uhttp://www.loc.gov/catdir/toc/fy038/2002014162.html
942 _2ddc
_cBK
999 _c192206
_d192206